000 00466cam a22001457a 4500
008 180718b1990 xxu||||| |||| 00| 0 eng d
020 _a0861322703
082 _aT111 C172 APPPA
100 _aBagchi, Amiya Kumar
245 _aColonialism and the nature of "Capitalist" enterprise in India
260 _aBombay
_bPopular
_c1990
300 _ap.45-76
500 _a[In] Capitalist development: critical essays,edited by Ghanshyam Shah
650 _aCapitalism - India
999 _c362692
_d362692